<?xml version="1.0" encoding="UTF-8"?>
<record
    xmlns:xsi="http://www.w3.org/2001/XMLSchema-instance"
    xsi:schemaLocation="http://www.loc.gov/MARC21/slim http://www.loc.gov/standards/marcxml/schema/MARC21slim.xsd"
    xmlns="http://www.loc.gov/MARC21/slim">

  <leader>00717nam a22002057a 4500</leader>
  <controlfield tag="003">LK-CoMWRAF</controlfield>
  <controlfield tag="005">20240605135519.0</controlfield>
  <controlfield tag="008">240116b2022    |||||||| |||| 00| 0 eng d</controlfield>
  <datafield tag="040" ind1=" " ind2=" ">
    <subfield code="a">LK-CoMWRAF</subfield>
    <subfield code="d">LK-CoMWRAF</subfield>
    <subfield code="e">LK-CoMWRAF</subfield>
  </datafield>
  <datafield tag="041" ind1=" " ind2=" ">
    <subfield code="a">tam</subfield>
  </datafield>
  <datafield tag="082" ind1=" " ind2=" ">
    <subfield code="a">920</subfield>
    <subfield code="b">FAR</subfield>
  </datafield>
  <datafield tag="100" ind1=" " ind2=" ">
    <subfield code="a">&#xBAA;&#xBB0;&#xBC0;&#xB9F;&#xBCD;, &#xBB8;&#xB95;&#xBBF;&#xBAF;&#xBCD;&#xBAF;&#xBBE; &#xBB8;&#xBBF;&#xBA4;&#xBCD;&#xBA4;&#xBC0;&#xB95;&#xBCD;</subfield>
    <subfield code="v">Fareed, Zakiya Siddeeque</subfield>
  </datafield>
  <datafield tag="245" ind1=" " ind2=" ">
    <subfield code="a">&#xBA8;&#xBAE;&#xBA4;&#xBC1; &#xBB5;&#xBB0;&#xBB2;&#xBBE;&#xBB1;&#xBCD;&#xBB1;&#xBC1; &#xB86;&#xBB3;&#xBC1;&#xBAE;&#xBC8;&#xB95;&#xBB3;&#xBCD;- &#xBAA;&#xBBE;&#xB95;&#xBAE;&#xBCD; - 01</subfield>
  </datafield>
  <datafield tag="246" ind1=" " ind2=" ">
    <subfield code="a">Namatu varal&#x101;&#x1E5F;&#x1E5F;u &#x101;&#x1E37;umaika&#x1E37;- pasum 1</subfield>
  </datafield>
  <datafield tag="246" ind1=" " ind2=" ">
    <subfield code="a">Our historical personalities - part 1</subfield>
  </datafield>
  <datafield tag="260" ind1=" " ind2=" ">
    <subfield code="a">Dehiwala:</subfield>
    <subfield code="b">Rarlumatlullah,</subfield>
    <subfield code="c">2022</subfield>
  </datafield>
  <datafield tag="300" ind1=" " ind2=" ">
    <subfield code="a">568 p.</subfield>
  </datafield>
  <datafield tag="650" ind1=" " ind2=" ">
    <subfield code="a">HISTORICAL PERSONALITIES-Muslims</subfield>
  </datafield>
  <datafield tag="942" ind1=" " ind2=" ">
    <subfield code="c">BK</subfield>
  </datafield>
  <datafield tag="952" ind1=" " ind2=" ">
    <subfield code="0">0</subfield>
    <subfield code="1">0</subfield>
    <subfield code="4">0</subfield>
    <subfield code="7">0</subfield>
    <subfield code="a">MAIN</subfield>
    <subfield code="b">MAIN</subfield>
    <subfield code="d">2024-01-16</subfield>
    <subfield code="l">0</subfield>
    <subfield code="o">920 FAR</subfield>
    <subfield code="p">RAF4748</subfield>
    <subfield code="r">2024-01-16</subfield>
    <subfield code="w">2024-01-16</subfield>
    <subfield code="y">BK</subfield>
  </datafield>
  <datafield tag="999" ind1=" " ind2=" ">
    <subfield code="c">4630</subfield>
    <subfield code="d">4630</subfield>
  </datafield>
</record>
